000 00640nam a2200205 4500
001 140064
003 ES-MaACL
005 20230906200009.0
007 t|
008 070214s1971 sp r ||||1| spa d
100 1 _aSchmucker, Josef.
_9104536
245 1 4 _aLas fuentes primarias de la fe en Dios /
_cJosef Schmucker ; [versión... de Daniel Ruiz Bueno].
260 _aBarcelona :
_bHerder,
_c1971.
300 _a260 p. ;
_c22 cm.
490 1 _aQaestiones disputatae ;
_v8
710 2 _aRuiz Bueno, Daniel.
_96471
830 0 _aQaestiones disputatae ;
_v8
_9220290
852 _aES-MaACL
_jC-44593
_bR.78299
999 _c140064
_d140064